000
00280nam a2200121Ia 4500
005
20251222155206.0
008
251222s9999||||xx |||||||||||||| ||spa||
082
_a
SIQ.08
100
_a
CHRISTOPHE D.
245
0
_a
Trabajo y Desgastes Mental
264
_b
HV manitas
942
_c
LIB
999
_c
40120
_d
40120